| 000 | 00435nam a22001817a 4500 | ||
|---|---|---|---|
| 005 | 20250321161151.0 | ||
| 008 | 250321b |||||||| |||| 00| 0 eng d | ||
| 020 |
_a9780824706920 _c1995.00 |
||
| 040 | _aMAIN | ||
| 041 | _aEnglish | ||
| 082 |
_a536.7 _bKAU |
||
| 100 |
_aKaufman, Maron _925428 |
||
| 245 | _aPrinciples of Thermodynamics | ||
| 260 |
_aLondon _bCRC Press _c2016 |
||
| 300 | _a393 | ||
| 650 | _aPhysics | ||
| 942 | _cBK | ||
| 999 |
_c59520 _d59520 |
||